Explorations in applied linguistics
Kaydedildi:
| Yazar: | |
|---|---|
| Materyal Türü: | Kitap |
| Dil: | Undetermined |
| Baskı/Yayın Bilgisi: |
Londres, Inglaterra
Oxford University Press
1979
|
| Konular: | |
| Etiketler: |
Etiketle
Etiket eklenmemiş, İlk siz ekleyin!
|
MARC
| LEADER | 00000nam a2200000Ia 4500 | ||
|---|---|---|---|
| 008 | 170316s9999 xx 000 0 und d | ||
| 090 | |a 410 W-9e | ||
| 100 | |a Widdowson, H. G. | ||
| 245 | |a Explorations in applied linguistics | ||
| 260 | |a Londres, Inglaterra | ||
| 260 | |b Oxford University Press | ||
| 260 | |c 1979 | ||
| 300 | |a 273 páginas | ||
| 650 | |a LINGÜÍSTICA | ||
| 650 | |a EN IDIOMA INGLÉS | ||
| 999 | |c 18833 |d 18833 | ||
| 040 | |a cru BVZT | ||
| 942 | |c 15 D |h 410 W-9e |2 z | ||
